Teória hier a rozhodovania /

Salvato in:
Dettagli Bibliografici
Autori principali: Turnovec, František (Autore), Chobot, Michal (Autore), Ulašin, Vladimír (Autore)
Natura: Libro
Lingua:slovacco
Pubblicazione: Bratislava : Alfa, 1991
Edizione:1.vyd.
Serie:Edícia ekonomickej literatúry
Tags: Aggiungi Tag
Nessun Tag, puoi essere il primo ad aggiungerne!!

MARC

LEADER 00000nam a22000003a 4500
001 stu76667
005 20150617225645.3
008 020101s1991----cs------------------slo-d
020 |a 80-05-00702-7 
040 |a STU  |b slo 
041 0 |a slo 
044 |a cs 
080 |a 519.83+519.816  |7 stu_us_auth*stu8186 
080 |a 519.816 
100 1 |a Turnovec, František  |4 aut 
245 1 |a Teória hier a rozhodovania /  |c [aut.] Chobot,Michal; Turnovec,František; Ulašín,Vladimír 
250 |a 1.vyd. 
260 |a Bratislava :  |b Alfa,  |c 1991 
300 |a 229 s 
700 1 |a Chobot, Michal  |4 aut 
700 1 |a Ulašin, Vladimír  |4 aut  |9 30 
830 0 |a Edícia ekonomickej literatúry 
996 |b 284EK01635  |c E*79197  |l EE01  |s A  |a 24  |w stu76667_0001 
996 |b C89810  |c C*89810  |l CCXX  |s P  |a 0  |w stu76667_0002 
996 |b E76341  |c E*76341  |l EE03  |s P  |a 0  |w stu76667_0003 
996 |b 284EK01636  |c E*80884  |l EE0101  |s P  |a 0  |w stu76667_0005